000 00601nam a2200181 a 4500
005 20140412111357.0
008 051104s19uu xx 00 eng d
020 _a0-02-661049-3
050 _aTR(GS 372.4
_bDe34 L.B Set 1 B. M. Bk.1-40
245 _aDecodable takehome books (orange) :
_bLevel B Set 1 Books 41-75 Blackline masters.
260 _aColumbus, Ohio :
_bSRA/McGraw-Hill Comp,
_c2000.
300 _a190 p.
440 _aSRA open court reading, Orange
650 _aReading
_xStudy and teaching
650 _aEnglish language
_xStudy and teaching
999 _c105418
_d105418